00604 2200229 4500001002100000005001700021008004100038020001800079035002400097082001100121090001800132100002000150245005000170250001800220260003000238300002300268650003400291850001500325980001300340985000600353999001500359YOGYA-0209000001071120090227022050.0 ind  a979-444-144-9 0010-020900000010711 a347.05 a347.05bLem P aLEMEK, Jeremias aPenuntun Membuat Gugatancoleh Jeremias Lemek aEd. 1, cet. 1 aYogyakartabLibertyc2000 avi, 109 hlmc21 cm aGugatan (Hukum Acara Perdata) aYOPDYOG(B) a21-07-05 a1 a02P0002968